Oldest National Football Associations - Statistics

General Stats
  • This quiz has been taken 54 times
  • The average score is 23 of 32
Answer Stats
Confederation Year Answer % Correct
UEFA 1863 England
100%
UEFA 1900 Germany
95%
UEFA 1873 Scotland
95%
UEFA 1909 Spain
93%
UEFA 1904 Sweden
93%
UEFA 1876 Wales
93%
UEFA 1889 Denmark
90%
UEFA 1889 Netherlands
90%
UEFA 1902 Norway
90%
CONMEBOL 1893 Argentina
88%
UEFA 1895 Belgium
88%
CONMEBOL 1895 Chile
88%
UEFA 1898 Italy
88%
UEFA 1904 Austria
85%
UEFA 1880 Northern Ireland
85%
UEFA 1901 Hungary
83%
CONMEBOL 1900 Uruguay
83%
UEFA 1904 Finland
80%
CONCACAF 1907 Mexico
78%
UEFA 1895 Switzerland
78%
CONMEBOL 1906 Paraguay
76%
OFC 1891 New Zealand
71%
UEFA 1908 Luxembourg
66%
UEFA 1901 Czech Republic
54%
UEFA 1909 Romania
49%
CONCACAF 1904 Haiti
46%
UEFA 1895 Gibraltar
41%
UEFA 1900 Malta
39%
CONCACAF 1908 Trinidad and Tobago
37%
CONCACAF 1902 Guyana
27%
AFC 1907 Philippines
15%
AFC 1892 Singapore
12%
No matching quizzes found
Score Distribution
Percent of People with Each Score
Percentile by Number Answered
Your Score History
You have not taken this quiz